• 首页
  • 本馆介绍
  • 公告通知
  • 最新文献
  • 馆藏检索
  • 电子资源
  • 读者导购
  • 参考咨询
  • 我的图书馆
  • 登录
  • 详细信息显示
  • 放入我的书架
  • 预约/预借图书
  • 作者相关作品
  • 分类相关作品
  • 丛书相关作品
  • 出版社相关作品

书目信息

  • 表格格式
  • 工作单格式
  • 卡片格式
书名: THEORY AND PROBLEMS of BASIC MATHEMATICS
作者: HAYM KRUGLAK and JOHN T.MOORE.
分册号:
分册名:
出版地:
 
出版社: McGRAW-HILL BOOK COMPANY
出版时间: 1973.
页数: 341 p. ;
开本: 30cm.
丛书名:
中图分类号:
科图分类号:
其他分类号: O1:H31
主题词:
电子资源:
000 00407nam 2200145 a 4500
001 E0762959905
005 20070429173341.71
008 070429s1973 00010 eng
040    @aPFT@beng
090    @aO1:H31
099    @dO1:H31@ex71
242    @a基础数学
245 1  @aTHEORY AND PROBLEMS of BASIC MATHEMATICS / @cHAYM KRUGLAK and JOHN T.MOORE.
260    @bMcGRAW-HILL BOOK COMPANY,@c1973.
300    @a341 p. ;@c30cm.
    
    THEORY AND PROBLEMS of BASIC MATHEMATICS / / HAYM KRUGLAK and JOHN T.MOORE.-McGRAW-HILL BOOK COMPANY, , 1973.
    341 p. ; ; 30cm.
    
    
    ISBN
    
●
相关链接 在E读中查询图书 在五车中查询图书 在当当中查询图书 在豆瓣中查询图书


正题名:THEORY AND PROBLEMS of BASIC MATHEMATICS     索取号:O1:H31/x71         预约/预借

序号 登录号 条形码 馆藏地/架位号 状态 备注
1 49103   000453459   第二样本阅览室/ [索取号:O1:H31/x71] 在馆    
唐山师范学院图书馆 欢迎您!
大连网信软件有限公司© 版权所有